| 000 | 00669nam a2200229 a 4500 | ||
|---|---|---|---|
| 001 | 72379 | ||
| 003 | BD-RjUL | ||
| 005 | 20211209082244.0 | ||
| 008 | 170517s1987 iaua b 001 0 eng | ||
| 020 | _a0697008517 | ||
| 035 | _a(BD-RjUL)72596 | ||
| 040 |
_aDLC _cDLC _dDLC _dBD-RjUL _beng |
||
| 041 | _aeng | ||
| 082 | 0 | 0 |
_223 _a551 _bMOP 1987 |
| 100 | 1 |
_aMontgomery, Carla W., _d1951- _9214057 |
|
| 245 | 1 | 0 |
_aPhysical geology / _cCarla W. Montgomery. |
| 260 |
_aDubuque, Iowa : _bW.C. Brown Publishers, _cc1987. |
||
| 300 |
_axix, 530 p. : _bill. ; _c29 cm. |
||
| 504 | _aIncludes bibliographies and index. | ||
| 650 | 0 |
_aPhysical geology. _9214058 |
|
| 942 |
_2ddc _cBK |
||
| 999 |
_c72379 _d72379 |
||